000 00892nam a2200229 i 4500
001 152732
003 ES-MaACL
005 20250718063325.0
008 051018s1883 fr |||| | fre d
080 _a641.5(089.3)
100 1 _aBrillat-Savarin, Jean Anthelme,
_d1755-1826
_931738
245 1 0 _aPhysiologie du goût, ou Méditations de gastronomie transcendante...
_b: ouvrage théorique, historique et á l'ordre du jour... /
_cBrillat-Savarin.
246 3 0 _aMéditations de gastronomie transcendante
250 _aNouvelle éd. précédée d'une notice.
260 _aParis :
_bE. Dentu, ed.,
_c1883 (
_fJeanne Robert)
300 _aVII, 308 p. ;
_c17 cm.
650 0 4 _aGastronomía-
_vCuriosidades
_913037
700 1 _aDentu, E.,
_eed.
_9230064
700 1 _aRobert, Jeanne.
_9131879
852 _aES-MaACL
_jG-9119
_z. - Enc. pasta española
999 _c152732
_d152732